000 01170nam a2200301 a 4500
003 DO-SdBNP
005 20260305074000.0
007 ta
008 220525e2009 dr a|||grc||| 00| 0dspa d
040 _aDO-SdBNP
_bspa
_cBNPHU
082 4 _222
_bP649b
100 _aPineda, Miguel
_d1962
_981682
245 _aMiguel Pineda:
_bbriznas de la memoria /
_cMiguel Pineda; Texto,Danilo de los Santos...[et. al]; Fotografía, Virgilio Félix;
260 _aSanto Domingo :
_bPalacio Consistorial,
_c2009
300 _a60 p. :
_bil. ;
_c26 cm.
500 _aIncluye datos biográficos del autor, p. 53- 55.
500 _aIncluye bibliografía y notas al pié de páginas.
650 _aArte dominicano
_vExposiciones
_xCatálogos
_ySiglo XX
_981688
650 _aExposicion
_vPintura
_xRepública Dominicana.
_981684
700 1 _aSantos, Danilo de los,
_d1943-2018
_etexto
_910278
700 1 _aLópez Meléndez, Amable
_etexto
_925471
700 1 _aTolentino, Marianne de,
_d1951
_etexto
_973333
700 1 _957625
_aGil, Laura,
_etexto
700 1 _aGerón, Candido,
_d1948-
_etexto
_93577
700 1 _aFélix, Virgilio,
_efotogr.
_981681
910 _aMFeliz
942 _2ddc
_cLBS1
999 _c51820
_d51820